Restorative Dentistry. (Record no. 5521)

MARC details
000 -LEADER
fixed length control field 00556nam a22002057a 4500
003 - CONTROL NUMBER IDENTIFIER
control field OSt
005 - DATE AND TIME OF LATEST TRANSACTION
control field 20170210142007.0
008 - FIXED-LENGTH DATA ELEMENTS--GENERAL INFORMATION
fixed length control field 170210b xxu||||| |||| 00| 0 eng d
020 ## - INTERNATIONAL STANDARD BOOK NUMBER
International Standard Book Number 9780443102462
040 ## - CATALOGING SOURCE
Transcribing agency DDC.
082 ## - DEWEY DECIMAL CLASSIFICATION NUMBER
Classification number WU300 R31a 2007.
100 ## - MAIN ENTRY--PERSONAL NAME
Personal name Walmsley,A.Damien;[et.....al]
9 (RLIN) 11517
245 ## - TITLE STATEMENT
Title Restorative Dentistry.
250 ## - EDITION STATEMENT
Edition statement 2nd ed.
260 ## - PUBLICATION, DISTRIBUTION, ETC. (IMPRINT)
Place of publication, distribution, etc. Edinburg;
Name of publisher, distributor, etc. Churchill Livingstone.
Date of publication, distribution, etc. 2007.
300 ## - PHYSICAL DESCRIPTION
Extent xi,229p;
Other physical details col,ill;
Dimensions 29cm.
504 ## - BIBLIOGRAPHY, ETC. NOTE
Bibliography, etc includes references and index
650 ## - SUBJECT ADDED ENTRY--TOPICAL TERM
Topical term or geographic name as entry element Dentistry.
9 (RLIN) 3762
942 ## - ADDED ENTRY ELEMENTS (KOHA)
Source of classification or shelving scheme Other/Generic Classification Scheme
Koha item type Open Shelf
Holdings
Withdrawn status Lost status Source of classification or shelving scheme Damaged status Not for loan Home library Current library Date acquired Source of acquisition Inventory number Total Checkouts Full call number Barcode Date last seen Price effective from Koha item type
    Other/Generic Classification Scheme     MUST Main Library MUST Main Library 10/02/2017   10/32519   WU300 R31a 2007. 2017-0137 10/02/2017 10/02/2017 Open Shelf